| 000 | 01021nam a2200313 i 4500 | ||
|---|---|---|---|
| 003 | EG-GICUC | ||
| 005 | 20260426110558.0 | ||
| 008 | 260426s1986 fr |||fr|||| 00| 0 fre d | ||
| 040 |
_aEG-GiCUC _bfre _cEG-GiCUC _dEG-GiCUC _eRda |
||
| 041 | _afre | ||
| 082 | 0 | 4 |
_221 _a343.3 _bDE . F |
| 092 | 0 | 4 | _221 |
| 099 | _aLaw1 10 343.3 DE . F 1 ed -1986 | ||
| 100 | 1 |
_aDelmas-Marty, Mireille. _eAuteur |
|
| 245 | 1 | 3 |
_aLe flou du droit : $b du code pénal aux droits de l'homme / _cMireille Delmas-Marty. |
| 250 | _a1re éd | ||
| 264 | 1 |
_aParis : _bPresses universitaires de France, _c1986. |
|
| 300 |
_a332 page ; _c 24 cm. |
||
| 336 |
_2rda contenu _a texte |
||
| 337 |
_2rda medias _aOrdinateur |
||
| 338 |
_2 transporteur rda _a Ressource en ligne |
||
| 504 | _aIncludes bibliographical references. | ||
| 546 | _aTexte en français | ||
| 650 | 1 | 4 |
_aDroit de procédure pénale _2qrmak |
| 651 | 1 | _2qrmak | |
| 856 | 4 | 0 | _uhttps://fll.law.cu.edu.eg/fulltext/bks/B10-11574.pdf |
| 905 | _a161 | ||
| 942 |
_2ddc _cBK _e21 _n0 |
||
| 999 |
_c73445 _d73445 |
||